La Cour d'assises / (Record no. 15763)
[ view plain ]
| 000 -LEADER | |
|---|---|
| fixed length control field | 01027nam a2200313 i 4500 |
| 003 - CONTROL NUMBER IDENTIFIER | |
| control field | EG-GICUC |
| 005 - DATE AND TIME OF LATEST TRANSACTION | |
| control field | 20260121095905.0 |
| 008 - FIXED-LENGTH DATA ELEMENTS--GENERAL INFORMATION | |
| fixed length control field | 250811t1970 fr |||f ||| 001 0 fre d |
| 040 ## - CATALOGING SOURCE | |
| Original cataloging agency | EG-GiCUC |
| Language of cataloging | fre |
| Transcribing agency | EG-GiCUC |
| Modifying agency | EG-GiCUC |
| Description conventions | Rda |
| 041 0# - LANGUAGE CODE | |
| Language code of text/sound track or separate title | fre |
| 082 04 - DEWEY DECIMAL CLASSIFICATION NUMBER | |
| Classification number | 343.3721 |
| Item number | CH . C |
| Edition number | 21 |
| 099 ## - LOCAL FREE-TEXT CALL NUMBER (OCLC) | |
| Classification number | Law1 10 343.3721 CH . C 2 ed - 1970 1000072 |
| 100 1# - MAIN ENTRY--PERSONAL NAME | |
| Personal name | Chapar, Fernand |
| Relator term | Auteur |
| 245 13 - TITLE STATEMENT | |
| Title | La Cour d'assises / |
| Statement of responsibility, etc. | Par Fernand Chapar, préface de Maurice Aydalot. |
| 250 ## - EDITION STATEMENT | |
| Edition statement | Deuxiéme édition |
| 264 #4 - PRODUCTION, PUBLICATION, DISTRIBUTION, MANUFACTURE, AND COPYRIGHT NOTICE | |
| Place of production, publication, distribution, manufacture | Paris : |
| Name of producer, publisher, distributor, manufacturer | Dalloz, |
| Date of production, publication, distribution, manufacture, or copyright notice | 1970. |
| 300 ## - PHYSICAL DESCRIPTION | |
| Extent | vii, 379 Pages : |
| Dimensions | 23 cm. |
| 336 ## - CONTENT TYPE | |
| Source | rda contenu |
| Content type term | texte |
| 337 ## - MEDIA TYPE | |
| Source | rda medias |
| Media type term | Ordinateur |
| 338 ## - CARRIER TYPE | |
| Source | transporteur rda |
| Carrier type term | Ressource en ligne |
| 490 #0 - SERIES STATEMENT | |
| Series statement | Manuel Dalloz de droit usuel. |
| 546 ## - LANGUAGE NOTE | |
| Language note | Texte en français |
| 650 04 - SUBJECT ADDED ENTRY--TOPICAL TERM | |
| Topical term or geographic name entry element | Droit pénal |
| 700 1# - ADDED ENTRY--PERSONAL NAME | |
| Personal name | Aydalot, Maurice |
| Relator term | Co-Auteur |
| 830 ## - SERIES ADDED ENTRY--UNIFORM TITLE | |
| Uniform title | Manuel Dalloz de droit usuel. |
| 856 40 - ELECTRONIC LOCATION AND ACCESS | |
| Uniform Resource Identifier | <a href="https://fll.law.cu.edu.eg/fulltext/bks/B10-00072.pdf">https://fll.law.cu.edu.eg/fulltext/bks/B10-00072.pdf</a> |
| 905 ## - Cataloger and Reviser Names | |
| Cataloger Name: | |
| 942 ## - ADDED ENTRY ELEMENTS (KOHA) | |
| Source of classification or shelving scheme | Dewey Decimal Classification |
| Koha item type | Books |
| Edition | 21 |
| Suppress in OPAC | No |
| Withdrawn status | Lost status | Source of classification or shelving scheme | Damaged status | Not for loan | Collection | Home library | Current library | Date acquired | Total checkouts | Full call number | Date last seen | Copy number | Price effective from | Koha item type | Barcode |
|---|---|---|---|---|---|---|---|---|---|---|---|---|---|---|---|
| Dewey Decimal Classification | القانون الجنائي | جــــامعة القــاهرة | مكتبة كلية الحقوق - المبنى الرئيسي | 11.08.2025 | Law1 10 343.3721 CH . C 2 ed - 1970 1000072 C1 | 11.08.2025 | 1 | 11.08.2025 | Books | ||||||
| Dewey Decimal Classification | القانون الجنائي | جــــامعة القــاهرة | مكتبة كلية الحقوق - المبنى الرئيسي | 17.04.2026 | Law1 10 343.3721 CH . C 2 ed - 1970 1008947 C2 | 17.04.2026 | 2 | 17.04.2026 | Books | B10-08947 |